Strength of materials (Record no. 4143)

000 -LEADER
fixed length control field 00602nam a2200229 4500
001 - CONTROL NUMBER
control field 4143
003 - CONTROL NUMBER IDENTIFIER
control field BD-DhUET
008 - FIXED-LENGTH DATA ELEMENTS--GENERAL INFORMATION
fixed length control field 0
020 ## - INTERNATIONAL STANDARD BOOK NUMBER
International Standard Book Number 0070702977
040 ## - CATALOGING SOURCE
Transcribing agency 0
Modifying agency BD-DhUET
082 ## - DEWEY DECIMAL CLASSIFICATION NUMBER
Classification number 620.112
Item number WIL/1981
100 ## - MAIN ENTRY--PERSONAL NAME
Personal name Willems, Nicholas
245 ## - TITLE STATEMENT
Title Strength of materials
Statement of responsibility, etc. by Nicholas Willems, John T. Easley and Stanley T. Rolfe
250 ## - EDITION STATEMENT
Edition statement 1st ed.
260 ## - PUBLICATION, DISTRIBUTION, ETC. (IMPRINT)
Place of publication, distribution, etc. New York
Name of publisher, distributor, etc. McGraw-Hill
Date of publication, distribution, etc. 1981
300 ## - PHYSICAL DESCRIPTION
Extent xviii, 508 p.
Other physical details ill.
Dimensions 12 cm.
504 ## - BIBLIOGRAPHY, ETC. NOTE
Bibliography, etc Includes bibliographies
650 #0 - SUBJECT ADDED ENTRY--TOPICAL TERM
Topical term or geographic name as entry element Strength of materials
700 ## - ADDED ENTRY--PERSONAL NAME
Personal name Easley, John T.
700 ## - ADDED ENTRY--PERSONAL NAME
Personal name Rolfe, Stanley T.
942 ## - ADDED ENTRY ELEMENTS (KOHA)
Koha item type General Book
Holdings
Source of classification or shelving scheme Damaged status Piece designation (barcode) Not for loan Koha out on loan Shelving location Koha date last seen Date acquired Lost status Koha item type Sublocation or collection (holding branch) Koha date last borrowed Copy number Location (home branch) Koha normalized classification for sorting Koha issues (times borrowed) Koha full call number Price effective from Withdrawn status
  79849  Circulation section2018-12-182014-11-12 General BookCentral Library, BUET2018-11-061Central Library, BUET620_112000000000000_WIL_19811620.112/WIL/19812014-11-12 
  79850  Circulation section2019-04-242014-11-12 General BookCentral Library, BUET2018-12-222Central Library, BUET620_112000000000000_WIL_19811620.112/WIL/19812014-11-12 
  79853  Circulation section2014-11-122014-11-12 General BookCentral Library, BUET 3Central Library, BUET620_000000000000000_112WIL1981 620.112/WIL/19812014-11-12 
  81408  Circulation section2014-11-122014-11-12 General BookCentral Library, BUET 4Central Library, BUET620_000000000000000_112WIL1981 620.112/WIL/19812014-11-12 
  79852  Circulation section2021-12-072014-11-12 General BookCentral Library, BUET2021-11-295Central Library, BUET620_000000000000000_112WIL19812620.112/WIL/19812014-11-12 
  79580 2025-12-22Circulation section2025-12-082014-11-12 General BookCentral Library, BUET2025-12-086Central Library, BUET620_000000000000000_112WIL19811620.112/WIL/19812014-11-12 
  81410  Circulation section2014-11-122014-11-12 General BookCentral Library, BUET 7Central Library, BUET620_000000000000000_112WIL1981 620.112/WIL/19812014-11-12 
  79851  Circulation section2023-07-182014-11-12 General BookCentral Library, BUET2023-07-088Central Library, BUET620_000000000000000_112WIL19811620.112/WIL/19812014-11-12 
  81409  Circulation section2014-11-122014-11-12 General BookCentral Library, BUET 9Central Library, BUET620_112000000000000_WIL_1981 620.112/WIL/19812014-11-12 
  79581   Circulation section2015-02-042015-02-04 General BookCentral Library, BUET 10Central Library, BUET620_112000000000000_WIL_1981 620.112/WIL/19812015-02-04